000 01118cam a22003617a 4500
003 CHAP
005 20240508132328.0
008 030404d1999 us a r 00110 eng d
010 _a87105
011 _a88077
020 _a0716731363 (libro)
020 _a071673270 (CD)
035 _a98622
040 _cCHAP
082 0 4 _a574.87
_bL63 1999
100 0 0 _aLodish, Harvey F.
_967425
245 1 0 _aMolecular cell biology
_c/by Harvey Lodish [and others]
250 _a4 ed.
260 _aNew York, N.Y.;
_bW.H. Freeman and Company,
_c1999.
300 _a1084 p. ;
_bilus.
500 _aPlease see the "Readme" file for installation instructions.
590 _aBATCH-UPD
_b10
_c20130110
590 _aBATCH-UPD
_b10
_c20130410
590 _aBATCH-UPD
_b10
_c20130914
590 _aCONVERSION
_b10
_c20130109
650 1 4 _aBiofĂ­sica.
_912735
650 1 4 _aCitologĂ­a.
_923489
901 _aBK
905 _aMayto Villaloobos S.
942 _cCD
_2ddc
949 _a574.87 L63 1999
_bBC
_cCD
_d33724002027694
_eCD
_fCD
_i98622
_sb
949 _a574.87 L63 1999
_bBC
_cLIBRO
_d33724000891313
_eLIBRO
_h103108
_i98622
_so
999 _c87105
_d87105